2606-甲賀市(滋賀県)の駅 - Statistics

General Stats
  • This quiz has been taken 4 times
  • The average score is 11 of 14
Answer Stats
Answer % Correct
貴生川
100%
甲南
100%
甲賀
100%
油日
100%
水口
100%
信楽
100%
寺庄
75%
水口城南
75%
紫香楽宮跡
75%
雲井
75%
勅旨
75%
水口松尾
50%
水口石橋
50%
玉桂寺前
25%
No matching quizzes found
Score Distribution
Percent of People with Each Score
Percentile by Number Answered
Your Score History
You have not taken this quiz